Desde fines de la modernidad hasta los tiempos contemporáneos /
Guardado en:
| Autor Principal: | |
|---|---|
| Formato: | Libro |
| Publicado: |
Buenos Aires :
Kapelusz
|
| Series: | Sociedades y tiempo. Historia
|
| Materias: | |
| Etiquetas: |
Agregar Etiqueta
Sin Etiquetas, Sea el primero en etiquetar este registro!
|
| LEADER | 01413nam a22002415a 4500 | ||
|---|---|---|---|
| 001 | CEM.cems011392 | ||
| 005 | 20071002154433.0 | ||
| 008 | 130507b######################000#0#####d | ||
| 003 | CEMS | ||
| 020 | |a 9501309371 | ||
| 082 | 0 | 4 | |a Z982 |
| 100 | 1 | |a Vázquez de Fernández, Silvia A. | |
| 245 | 1 | 0 | |a Desde fines de la modernidad hasta los tiempos contemporáneos / |c Silvia A. Vázquez de Fernández |
| 260 | |a Buenos Aires : |b Kapelusz | ||
| 300 | |a 384 p. | ||
| 490 | 0 | |a Sociedades y tiempo. Historia | |
| 505 | 0 | |a Los tiempos contemporáneos hasta fines del siglo XIX -- La renovación política y social europea desde la revolución francesa hasta fines del siglo XIX -- Transformaciones económicas y sociales en Europa desde la revolución industrial hasta fines del siglo XIX -- La Argentina y América Latina en la primera mitad del siglo XIX -- La Argentina y América Latina en la segunda mitad del siglo XIX -- Tendencias militaristas mundiales en la primera mitad del siglo XX -- La Argentina y América Latina durante la primera mital del siglo XX -- El mundo en la segunda mitadl del siglo XX -- La Argentina y América Latina en la segunda mitad del siglo XX | |
| 653 | |a Historia | ||
| 653 | |a Historia moderna y contemporánea | ||
| 653 | |a Historia-3er. año | ||
| 653 | |a Historia-9no. egb | ||
| 653 | |a Historia argentina 1789-1983 | ||
| 859 | |a CEMS |b BIB. CEMS - 11 de abril |h Z982 |i V443-1 |p 22328.04 |t Ej.1 | ||
